000 00980nam a2200265Ia 4500
003 OSt
005 20221005103913.0
006 a|||||r|||| 00| 0
007 ta
008 221004b |||||||| |||| 00| 0 hin d
020 _a9788188970456 (hbk)
_c895
024 _a3905
037 _b539, 08/03/2013, Swaraj Prakashan
_cTextual
040 _aCRL
_cCRL
_bhin
041 _2hin
_ahin
082 _aP152:(T4:5,1), Q2
100 _aसंतराम, ‘संघर्षी’
245 0 _aहिन्दी भाड्ढा एंव साहित्य
246 _aHindī bhāḍḍhā eanva sāhitya
260 _aदिल्ली
_bकल्पना प्रकाशन भारत
_c2012
300 _a464ृपृ0
_ccm.
650 _aहिन्दी भाषा
942 _hP152:(T4:5,1), Q2
_cTEXL
_2cc
999 _c1011221
_d1011221